Estadísticas para foteles

Haz click aquí para intentar la prueba.

Estadísticas generales

  • Esta prueba ha sido intentada 7 veces
  • La puntuación promedio es 2 de 17

Estadísticas de respuestas

Respuesta% Correcto
Pablo motos
100%
Nobita
71%
chavi
14%
grefg
14%
ander
0%
aymane
0%
Aymane
0%
Blete
0%
cesar
0%
Chaves
0%
Claudio
0%
cruz
0%
fluxa
0%
jhostin
0%
josema
0%
Sebas
0%
tricantinas
0%

Distribución de puntuación

Porcentaje por número respondido

Porcentaje de gente con cada puntuación

Historial de tus puntuaciones

No has intentado esta prueba.